000 00301nam a22001337a 4500
008 180827b xxu||||| |||| 00| 0 eng d
020 _a9780030341465
041 _aeng
080 _a541
100 _a12
101 _aKIM
245 _aCHEMISRTY THE MOLECULAR SCIENCE
_cMOORE,S
942 _2udc
_cBK
999 _c47339
_d47339